Catálogo
 En Linea

Crisi in bianco e nero : (Registro nro. 24347)

Detalles MARC
000 -CABECERA
campo de control de longitud fija 00963nam a2200253 a 4500
001 - NÚMERO DE CONTROL
campo de control 000024854
005 - FECHA Y HORA DE LA ÚLTIMA TRANSACCIÓN
campo de control 20200930023417.0
008 - DATOS DE LONGITUD FIJA--INFORMACIÓN GENERAL
campo de control de longitud fija 110207s1965 it r 000 0 ita d
040 ## - FUENTE DE LA CATALOGACIÓN
Centro catalogador/agencia de origen DO-SdBNP
Lengua de catalogación spa
Centro/agencia transcriptor BNPHU
082 ## - NÚMERO DE LA CLASIFICACIÓN DECIMAL DEWEY
Número de clasificación xxxxx
Número de documento/Ítem S587c
049 ## - FONDOS LOCALES (OCLC)
Fondos de biblioteca BNGR
100 1# - ENTRADA PRINCIPAL--NOMBRE DE PERSONA
Nombre de persona Silberman, Charles E.
9 (RLIN) 51004
245 10 - MENCIÓN DE TÍTULO
Título Crisi in bianco e nero :
Resto del título II problema negro negli Stati Uniti /
Mención de responsabilidad, etc. Charles E. Silberman ; prefacio Roberto Giammanco ; traducción Franco Commisso , Carla María Bersano.
250 ## - MENCIÓN DE EDICIÓN
Mención de edición 2a ed.
260 ## - PUBLICACIÓN, DISTRIBUCIÓN, ETC.
Lugar de publicación, distribución, etc. Torino :
Nombre del editor, distribuidor, etc. Giulio Einaudi,
Fecha de publicación, distribución, etc. 1965.
300 ## - DESCRIPCIÓN FÍSICA
Extensión 387 p. ;
Dimensiones 18 cm.
490 1# - MENCIÓN DE SERIE
Mención de serie Nuovo politecnico ;
Designación de volumen o secuencia 3
504 ## - NOTA DE BIBLIOGRAFÍA, ETC.
Nota de bibliografía, etc. Incluye referencias bibliográficas y notas al pie de las páginas.
534 ## - NOTA SOBRE LA VERSIÓN ORIGINAL
Mención de título del original Crisis in black and white.
Publicación, distribución, etc. del original New York : Random House, 1964.
700 1# - PUNTO DE ACCESO ADICIONAL--NOMBRE DE PERSONA
Nombre de persona Giammanco, Roberto
9 (RLIN) 51005
700 1# - PUNTO DE ACCESO ADICIONAL--NOMBRE DE PERSONA
Nombre de persona Commisso, Franco,
Término indicativo de función/relación tr.
9 (RLIN) 51006
700 1# - PUNTO DE ACCESO ADICIONAL--NOMBRE DE PERSONA
Nombre de persona Bersano, Carla Maria,
Término indicativo de función/relación tr.
9 (RLIN) 51007
830 #0 - PUNTO DE ACCESO ADICIONAL DE SERIE-TÍTULO UNIFORME
Título uniforme Nuovo politecnico ;
Número de parte o sección de la obra 3
9 (RLIN) 51008
Existencias
Estado de retiro Estado de pérdida Restricciones de uso No para préstamo Código de colección Localización permanente Ubicación/localización actual Ubicación en estantería Fecha de adquisición Número de inventario Total de préstamos Signatura topográfica completa Código de barras Fecha visto por última vez Precio válido a partir de Tipo de ítem Koha
        Monografías: Libros y Folletos General General En catalogación 07.02.2011 LF1   xxxxx S587c 24854-10 25.06.2020 25.06.2020 Préstamo en sala

Con tecnología Koha